Structures of coastal resilience / (Record no. 11243)

000 -LEADER
fixed length control field 01572cam a22003977i 4500
001 - CONTROL NUMBER
control field 20088961
005 - DATE AND TIME OF LATEST TRANSACTION
control field 20230113165204.0
008 - FIXED-LENGTH DATA ELEMENTS--GENERAL INFORMATION
fixed length control field 171023s2018 dcua b 001 0 eng d
010 ## - LIBRARY OF CONGRESS CONTROL NUMBER
LC control number 2017958675
020 ## - INTERNATIONAL STANDARD BOOK NUMBER
International Standard Book Number 9781610918572
020 ## - INTERNATIONAL STANDARD BOOK NUMBER
International Standard Book Number 1610918576
020 ## - INTERNATIONAL STANDARD BOOK NUMBER
International Standard Book Number 9781610918589
Qualifying information (paperback)
020 ## - INTERNATIONAL STANDARD BOOK NUMBER
International Standard Book Number 1610918584
Qualifying information (paperback)
035 ## - SYSTEM CONTROL NUMBER
System control number (OCoLC)ocn982091753
040 ## - CATALOGING SOURCE
Original cataloging agency BTCTA
Language of cataloging eng
Transcribing agency BTCTA
Description conventions rda
Modifying agency YDX
-- BDX
-- SEA
-- ORX
-- CDX
-- OCLCF
-- DLC
042 ## - AUTHENTICATION CODE
Authentication code lccopycat
050 00 - LIBRARY OF CONGRESS CALL NUMBER
Classification number HT391
Item number .S33 2018
082 04 - DEWEY DECIMAL CLASSIFICATION NUMBER
Classification number 333.91/7
Edition number 23
100 1# - MAIN ENTRY--PERSONAL NAME
Personal name Seavitt Nordenson, Catherine,
Relator term author.
245 10 - TITLE STATEMENT
Title Structures of coastal resilience /
Statement of responsibility, etc. Catherine Seavitt Nordenson, Guy Nordenson, and Julia Chapman.
264 #1 - PRODUCTION, PUBLICATION, DISTRIBUTION, MANUFACTURE, AND COPYRIGHT NOTICE
Place of production, publication, distribution, manufacture Washington, [DC] :
Name of producer, publisher, distributor, manufacturer Island Press,
Date of production, publication, distribution, manufacture, or copyright notice [2018]
264 #4 - PRODUCTION, PUBLICATION, DISTRIBUTION, MANUFACTURE, AND COPYRIGHT NOTICE
Date of production, publication, distribution, manufacture, or copyright notice ©2018
300 ## - PHYSICAL DESCRIPTION
Extent xv, 226 pages :
Other physical details illustrations ;
Dimensions 23 cm
336 ## - CONTENT TYPE
Content type term text
Content type code txt
Source rdacontent
337 ## - MEDIA TYPE
Media type term unmediated
Media type code n
Source rdamedia
338 ## - CARRIER TYPE
Carrier type term volume
Carrier type code nc
Source rdacarrier
504 ## - BIBLIOGRAPHY, ETC. NOTE
Bibliography, etc. note includes bibliographical references and index.
505 0# - FORMATTED CONTENTS NOTE
Formatted contents note Designing for coastal resiliency -- Visualizing the coast -- Reimagining the floodplain -- Mapping coastal futures -- Centennial projections.
650 #0 - SUBJECT ADDED ENTRY--TOPICAL TERM
Topical term or geographic name entry element Coastal zone management.
650 #7 - SUBJECT ADDED ENTRY--TOPICAL TERM
Topical term or geographic name entry element Coastal zone management.
Source of heading or term fast
Authority record control number or standard number (OCoLC)fst00865756
700 1# - ADDED ENTRY--PERSONAL NAME
Personal name Nordenson, Guy,
Relator term author.
700 1# - ADDED ENTRY--PERSONAL NAME
Personal name Chapman, Julia
Titles and other words associated with a name (Architect),
Relator term author.
906 ## - LOCAL DATA ELEMENT F, LDF (RLIN)
a 7
b cbc
c copycat
d 2
e ncip
f 20
g y-gencatlg
925 0# -
-- acquire
-- 1 shelf copy
-- policy default
Holdings
Withdrawn status Lost status Source of classification or shelving scheme Damaged status Not for loan Permanent Location Current Location Date acquired Source of acquisition Cost, normal purchase price Total Checkouts Barcode Date last seen Date last checked out Cost, replacement price Price effective from Koha item type
          BMS College of Architecture, Design and Planning BMS College of Architecture, Design and Planning 2023-03-07 10 2318.40 2 AR-UG2913 2026-03-13 2026-02-26 3312.00 2023-03-07 UG Books
Copyright © 2025, The Librarian, Library and Information Centre, BMSCA D&P, Bengaluru. All Rights Reserved
web counter

Powered by Koha